000 00302nam a22001337a 4500
008 171010b xxu||||| |||| 00| 0 eng d
020 _a9781429283526
041 _aeng
080 _22ND
_a316
100 _a50
101 _aSOC
245 _aINVITATION TO THE LIFE SPAN
_cBERGER,K.S
942 _2udc
_cBK
999 _c32869
_d32869